000 00422nam a2200157Ia 4500
008 160316s1986 xxu||||| |||| 00| 0 eng d
082 _a344.040000
_bBHA
100 _aBhatia P C
245 _aInternational conference : Health policy ethics and human values, selected presentations
250 _a
260 _aNew Delhi
_bI M A House
_c1986
300 _aK-10
_b
_c
365 _bRs.250 set
650 _a
700 _a
_a
999 _c6012
_d6012